| 000 | 00853nam a2200241Ia 4500 | ||
|---|---|---|---|
| 003 | GCL | ||
| 008 | 140319s9999 xx 000 0 ara d | ||
| 040 |
_aGCL / _cGCL |
||
| 082 | 0 | 4 |
_aط _b031 _bش ك |
| 100 | 1 | _aالشركة الشرقية للمطبوعات | |
| 245 | 1 | 0 |
_aكتاب المعرفة : الاتصالات والمواصلات : _bتكنولوجيا / _cالشركة الشرقية للمطبوعات |
| 260 |
_aالقاهرة : _bالشركة الشرقية للمطبوعات |
||
| 300 |
_a160ص ؛ _c30 سم |
||
| 490 |
_aكتاب المعرفة _v0 |
||
| 650 | 0 | 4 | _aالاتصالات |
| 650 | 0 | 4 | _aالالكترونات |
| 650 | 0 | 4 | _aالمواصلات |
| 650 | 0 | 4 | _aالنقل |
| 650 | 0 | 4 | _aالطرق المائية |
| 650 | 0 | 4 | _aالالكترونيات |
| 650 | 0 | 4 | _aالمواصلات الجوية |
| 942 |
_2ddc _cBK |
||
| 999 |
_c48073 _d48073 |
||